THE SEMANTICS OF EVALUATIVITY (Record no. 3985)

MARC details
000 -LEADER
fixed length control field 00418nam a22001577a 4500
003 - CONTROL NUMBER IDENTIFIER
control field OSt
005 - DATE AND TIME OF LATEST TRANSACTION
control field 20230403152721.0
008 - FIXED-LENGTH DATA ELEMENTS--GENERAL INFORMATION
fixed length control field 230403b |||||||| |||| 00| 0 eng d
020 ## - INTERNATIONAL STANDARD BOOK NUMBER
International Standard Book Number 978-0-19-960248-3
040 ## - CATALOGING SOURCE
Transcribing agency CML
082 ## - DEWEY DECIMAL CLASSIFICATION NUMBER
Classification number 401.4RET
245 ## - TITLE STATEMENT
Title THE SEMANTICS OF EVALUATIVITY
Statement of responsibility, etc. BY RETT JESSICA
260 ## - PUBLICATION, DISTRIBUTION, ETC.
Place of publication, distribution, etc. UNITED KINGDOM
Name of publisher, distributor, etc. OXFORD UNIVERSITY PRESS
Date of publication, distribution, etc. 2015
300 ## - PHYSICAL DESCRIPTION
Dimensions ix., 202p.
942 ## - ADDED ENTRY ELEMENTS (KOHA)
Source of classification or shelving scheme Dewey Decimal Classification
Koha item type Books
Call number prefix 401.4
Call number suffix RET
Holdings
Withdrawn status Lost status Source of classification or shelving scheme Damaged status Not for loan Collection code Home library Current library Shelving location Date acquired Total Checkouts Full call number Date last seen Copy number Price effective from Koha item type
    Dewey Decimal Classification     Language Chalimbana Main Library Chalimbana Main Library Language 04/03/2023   401.4RET 04/03/2023 1 04/03/2023 Books

Powered by Koha